| 000 | 00580nam a22001697a 4500 | ||
|---|---|---|---|
| 020 | _qHard Cover. | ||
| 082 | _a302.2 | ||
| 100 | _aKhan, Aniqa | ||
| 245 |
_aFund My Education-an Advertising Campaign / _cAniqa Khan, Mishaal Afzal and Syeda Aqsa Jilani. |
||
| 260 |
_aIslamabad: _bS3H - NUST, _c2019. |
||
| 300 |
_a52 p. : _bill. ; _c30cm. |
||
| 650 |
_aMass Communication BS-Project Report. _927865 |
||
| 700 |
_aKomal Sadaf. _927866 |
||
| 856 | _uhttp://10.250.8.41:8080/xmlui/handle/123456789/3444 | ||
| 942 |
_2ddc _cPR |
||
| 999 |
_c533849 _d533849 |
||